Open Data Biblioteca Nacional de Portugal


República Portuguesa: Ministério da Cultura
Biblioteca Nacional de Portugal

Catálogo da BNP: acesso por Identificadores Unívocos
Registos Bibliográficos associados ao registo de autoridade

Etiqueta de registo: 00379nas 2200205 450
001 2286707
003 http://id.bnportugal.gov.pt/bib/catbnp/2286707
100 ## $a20260522a20119999m y0pory01030103ba
101 0# $apor
102 ## $aPT
106 ## $ae
110 ## $aakazz 0zz0
200 1# $aEnsaio$fpropr. Clube de Rugby de Arcos de Valdevez$gdir. Miguel Correia
210 #9 $aArcos de Valdevez$cClube de Rugby de Arcos de Valdevez,$d[2011?]-
215 ## $d35 cm
303 ## $aDescrição baseada em : nº 8 (Jun. 2025)
326 ## $aAnual
517 1# $aEnsaio - Jornal do CRAV
517 1# $aEnsaio Rugby
620 ## $dArcos de Valdevez
675 ## $a061.23(469.111)(05)$vBN$zpor$3591760
675 ## $a796.333(469.111)(05)$vBN$zpor$32000883
702 #1 $920$aCorreia,$bMiguel$4300$31999048
712 02 $aClube de Rugby de Arcos de Valdevez$4650$35022
801 #0 $aPT$bBN$gRPC
856 41 $uhttp://rnod.bnportugal.gov.pt/ImagesBN/winlibimg.aspx?skey=&doc=2286707&img=222550&save=true
900 ## $aBIBNAC$d20260526
966 ## $lBN$mFGMON$sJ. 3850 P.$x1
971 ## $cisantos$d20260522
972 ## $e0$z0$d20260526$vlrevez
973 ## $cmlsousa$d20260617

OpendataBNP@bnportugal.pt | Mais informação sobre acesso aos dados BNP